| 000 | 01766nam a2200481 i 4500 | ||
|---|---|---|---|
| 001 | 116345 | ||
| 003 | FINmELB | ||
| 005 | 20241217174801.0 | ||
| 006 | m o u | ||
| 007 | cr cn||||||||| | ||
| 008 | 201029s2019 sp a ob 000 0 spa d | ||
| 020 |
_a9788491806301 _q(e-book) |
||
| 020 | _z9788491806295 | ||
| 035 | _a(OCoLC)1204299625 | ||
| 040 |
_aFINmELB _bspa, _erda _cFINmELB |
||
| 050 | 1 | 4 |
_aHD31 _b.G373 2019 |
| 080 | _a659.1 | ||
| 080 | _a658.8 | ||
| 082 | 0 | 4 |
_a658 _223 |
| 100 | 1 |
_aGarcía-Lavernia Gil, Joaquín, _eautor. |
|
| 240 | 1 | 0 | _aPanorámica del marketing |
| 245 | 1 | 0 |
_aPanorámica del marketing / _cJoaquín García-Lavernia Gil; prólogo del Dr. José Luis del Olmo Arriega. |
| 264 | 1 |
_aBarcelona : _bEditorial UOC, _c2019. |
|
| 264 | 4 | _c©2019 | |
| 300 |
_a1 recurso en línea (160 páginas) : _bilustraciones (blanco y negro) |
||
| 336 |
_atexto _btxt _2rdacontent/spa |
||
| 337 |
_acomputadora _bc _2rdamedia/spa |
||
| 338 |
_arecurso en línea _bcr _2rdacarrier/spa |
||
| 490 | 0 |
_aManuales ; _v659. Economía y empresa |
|
| 504 | _aIncluye referencias bibliográficas. | ||
| 588 | _aDescripción basada en metadatos suministrados por el editor y otras fuentes. | ||
| 590 | _aRecurso electrónico. Santa Fe, Arg.: elibro, 2020. Disponible vía World Wide Web. El acceso puede estar limitado para las bibliotecas afiliadas a elibro. | ||
| 650 | 4 | _aPublicidad. | |
| 650 | 4 | _aMarketing. | |
| 650 | 0 | _aAdvertising. | |
| 650 | 0 | _aMarketing. | |
| 655 | 4 | _aLibros electrónicos. | |
| 797 | 2 | _aelibro, Corp. | |
| 856 | 4 | 0 | _uhttps://elibro.net/ereader/politecnicointernacional/124443 |
| 999 |
_c116345 _d116345 |
||